000 00586nam a22001577a 4500
020 _a978-93-5482-479-1
082 _a894.812.3
_bKAL/P
100 _aKRISHNAMOORTHI, KALKKI
245 _aPONNIYIN SELVAN VOLUME-2
246 _aPONNIYIN SELVAN VOLUME-2
_bPONNIYIN SELVAN VOLUME-2
260 _aKOTTAYAM
_bDC BOOKS
_c2022
300 _a1200
520 _aIn the wake of his brother Ponniyin Selvan's presumed death, Aditha Karikalan of the Chola dynasty rallies his kingdom and tries to resist threats on all sides.
650 _aTAMIL HISTORICAL NOVEL IN MALAYALAM
_zKERALA
942 _cBK
999 _c6987
_d6987